Методы реконструкции координат в газовых приборах с катодным считыванием сигналов; Приборы и техника эксперимента; № 3

Bibliografische gegevens
Parent link:Приборы и техника эксперимента/ Российская академия наук.— , 1956-.— 0032-8162
№ 3.— 2002.— с. 39-53
Andere auteurs: Боголюбский М. Ю., Ерин С. В., Лобанов М. О., Martinengo P., Минаев Н. Г., Piuz F., Садовский С. А., Харлов Ю. В.
Taal:Russisch
Gepubliceerd in: 2002
Reeks:Применение вычислительной техники в эксперименте
Onderwerpen:
Formaat: Hoofdstuk
KOHA link:https://koha.lib.tpu.ru/cgi-bin/koha/opac-detail.pl?biblionumber=427052

MARC

LEADER 00000naa2a2200000 4500
001 427052
005 20231101074621.0
035 |a (RuTPU)RU\TPU\prd\86166 
035 |a RU\TPU\prd\9457 
090 |a 427052 
100 |a 20100903a2002 k y0rusy50 ca 
101 0 |a rus 
102 |a RU 
200 1 |a Методы реконструкции координат в газовых приборах с катодным считыванием сигналов  |f М. Ю. Боголюбский, С. В. Ерин, М. О. Лобанов и др. 
225 1 |a Применение вычислительной техники в эксперименте 
320 |a Библиогр.: 14 назв. 
461 1 |0 (RuTPU)RU\TPU\prd\300  |x 0032-8162  |t Приборы и техника эксперимента  |f Российская академия наук  |d 1956- 
463 1 |0 (RuTPU)RU\TPU\prd\86160  |t № 3  |v с. 39-53  |d 2002 
610 1 |a газовые приборы 
610 1 |a катодное считывание сигналов 
610 1 |a детекторы 
610 1 |a физические эксперименты 
675 |a 539.1.07  |v 3 
701 1 |a Боголюбский  |b М. Ю. 
701 1 |a Ерин  |b С. В. 
701 1 |a Лобанов  |b М. О. 
701 1 |a Martinengo  |b P. 
701 1 |a Минаев  |b Н. Г. 
701 1 |a Piuz  |b F. 
701 1 |a Садовский  |b С. А. 
701 1 |a Харлов  |b Ю. В. 
801 1 |a RU  |b 63413507  |c 20021225  |g PSBO 
801 2 |a RU  |b 63413507  |c 20100903  |g RCR 
942 |c BK